LEADER 01208cam0 22003011 450 001 SOBE00078742 005 20240124123909.0 010 $a9788821306204 100 $a20240124d2006 |||||ita|0103 ba 101 $aita 102 $aIT 200 1 $aAdempiere la promessa di una classe differenziata$estrategie e strumenti per un'insegnamento attento alla diversità$fCarol Ann Tomlinson 210 $aRoma$cLAS$d2006 215 $a216 p.$d24 cm 225 2 $aEnciclopedia delle scienze dell'educazione$v90 300 $aTraduzione: Angela Gheda 410 1$1001SOBE00078743$12001 $a*Enciclopedia delle scienze dell'educazione$v90 500 10$aFulfilling the promise of the differentiated classroom$3SOBA00029895$93669970 700 1$aTomlinson$b, Carol Ann$3SOBA00029894$4070$0884859 801 0$aIT$bUNISOB$c20240124$gRICA 850 $aUNISOB 852 $aUNISOB$j370$m180885 912 $aSOBE00078742 940 $aM 102 Monografia moderna SBN 941 $aM 957 $a370$b003102$gSI$d180885$n20240124$_15$rAcquisto$tV$[15$1Spinosa$2UNISOB$3UNISOB$420240124123831.0$520240124123909.0$6Spinosa 996 $aFulfilling the promise of the differentiated classroom$93669970 997 $aUNISOB LEADER 00860nam0 22002531i 450 001 UON00406155 005 20231205104719.292 100 $a20120305d1972 |0itac50 ba 101 $aita 102 $aIT 105 $a|||| ||||| 200 1 $aˆI ‰ conti degli italiani$fISTAT 210 $aRoma$cIstat$d1972 215 $a102 p.$d24 cm. 606 $aItalia$xEconomia pubblica$3UONC035484$2FI 620 $aIT$dRoma$3UONL000004 710 02$aIstat$3UONV100481$0374421 712 $aIstat$3UONV266078$4650 801 $aIT$bSOL$c20250808$gRICA 899 $aSIBA - SISTEMA BIBLIOTECARIO DI ATENEO$2UONSI 912 $aUON00406155 950 $aSIBA - SISTEMA BIBLIOTECARIO DI ATENEO$dSI A B 0132 $eSI SC 7236 5 0132 $sBuono 996 $aConti degli italiani$951969 997 $aUNIOR